Sir thursday / (Record no. 3720)
[ view plain ]
| 000 -LEADER | |
|---|---|
| fixed length control field | 00873nam a22002537a 4500 |
| 001 - CONTROL NUMBER | |
| control field | 3720 |
| 003 - CONTROL NUMBER IDENTIFIER | |
| control field | FISKH |
| 005 - DATE AND TIME OF LATEST TRANSACTION | |
| control field | 20240424102834.0 |
| 008 - FIXED-LENGTH DATA ELEMENTS--GENERAL INFORMATION | |
| fixed length control field | 240424b cb ||||| |||| 00| 0 eng d |
| 040 ## - CATALOGING SOURCE | |
| Original cataloging agency | FISK |
| Language of cataloging | eng |
| Transcribing agency | FISK |
| Modifying agency | FISK |
| 050 ## - LIBRARY OF CONGRESS CALL NUMBER | |
| Classification number | PZ7.N647 |
| 082 ## - DEWEY DECIMAL CLASSIFICATION NUMBER | |
| Classification number | 823.914 |
| 100 ## - MAIN ENTRY--PERSONAL NAME | |
| Personal name | Nix Garth |
| Dates associated with a name | 1963- |
| 245 ## - TITLE STATEMENT | |
| Title | Sir thursday / |
| Statement of responsibility, etc. | Garth Nix |
| 260 ## - PUBLICATION, DISTRIBUTION, ETC. | |
| Place of publication, distribution, etc. | New York : |
| Name of publisher, distributor, etc. | Scholastic, |
| Date of publication, distribution, etc. | 2007 |
| 300 ## - PHYSICAL DESCRIPTION | |
| Extent | 344 pages : |
| Dimensions | 20 cm |
| 490 ## - SERIES STATEMENT | |
| Series statement | The keys to the kingdom |
| Volume/sequential designation | Book 4 |
| 505 ## - FORMATTED CONTENTS NOTE | |
| Formatted contents note | Q |
| 520 ## - SUMMARY, ETC. | |
| Summary, etc. | When Arthur is drafted into the Glorious Army of the Architect by Sir Thursday, he must survive basic training, avoid getting posted to the Front, and figure out how to free Part Four of the Will, while Leaf tries to banish Arthur's doppleganger on Earth. |
| 521 8# - TARGET AUDIENCE NOTE | |
| Target audience note | 910 |
| Source | Lexile |
| 700 ## - ADDED ENTRY--PERSONAL NAME | |
| Personal name | Garth Nix |
| 942 ## - ADDED ENTRY ELEMENTS (KOHA) | |
| Source of classification or shelving scheme | Library of Congress Classification |
| Koha item type | Books |
| Suppress in OPAC | No |
| Withdrawn status | Lost status | Source of classification or shelving scheme | Damaged status | Not for loan | Collection | Home library | Current library | Shelving location | Date acquired | Total Checkouts | Full call number | Barcode | Date last seen | Copy number | Price effective from | Koha item type |
|---|---|---|---|---|---|---|---|---|---|---|---|---|---|---|---|---|
| Library of Congress Classification | Fiction | Footprints International School Library Network Toul Kork Campus | Footprints International School Library Network Toul Kork Campus | TTP Secondary Fiction Bookshelves | 04/24/2024 | NIX PZ7.N647 823.914 | 2024-0508 | 04/24/2024 | 1 | 04/24/2024 | Books |
